Pretty Girls - Renee Rapp (All Lyrics) - Statistics

General Stats
  • This quiz has been taken 108 times
  • The average score is 266 of 301
Answer Stats
Lyrics % Correct
I
98%
In
98%
in
98%
You
97%
you
97%
a
95%
Al
95%
all
95%
All
95%
be
95%
girl
95%
pretty
95%
So
95%
the
95%
your
95%
girls
94%
that
94%
That
94%
They
94%
they
94%
to
94%
and
92%
boyfriend,
92%
have
92%
I'm
92%
like
92%
Like,
92%
on
92%
On
92%
say
92%
Say
92%
AM,
91%
he
91%
it
91%
It's
91%
it's
91%
my
91%
PM,
91%
keep
89%
Keep
89%
Keep,
89%
pretending
89%
(Pretending,
89%
pretending)
89%
pretending,
89%
Pretending,
89%
wanna
89%
favorite
88%
another
86%
between
86%
come
86%
couple
86%
curse
86%
drinks,
86%
kiss
86%
taste
86%
too
86%
With
86%
world
86%
would
86%
Yeah,
86%
yeah,
86%
(Yeah,
86%
you're
86%
blessing
84%
But
84%
can
84%
'cause
84%
got
84%
hand
84%
now,
84%
of
84%
Oh,
84%
anyway
83%
boyfriend's
83%
cute
83%
little
83%
think
83%
morning
81%
never
81%
one
81%
right
81%
shit,
81%
thighs
81%
flattered
80%
happened
80%
his
80%
me
80%
mind
80%
wouldn't
80%
You'll
80%
if
78%
tight
78%
Act
77%
by
77%
jacket
77%
pathetic
77%
straight
77%
were
77%
closer
75%
I'd
75%
Tell
75%
feels
73%
gonna
73%
inch
73%
This
73%
this
73%
line
70%
tried
70%
classic
66%
(Classic)
66%
predict
64%
conversation's
63%
is
41%
(Ah)
38%
(Ah
38%
ah)
38%
gay)
22%
bitch
20%
No matching quizzes found
Score Distribution
Percent of People with Each Score
Percentile by Number Answered
Your Score History
You have not taken this quiz